[Event "22. Copenhagen Open  (Politiken Cup)"]
[Site "Copenhagen"]
[Date "2000.07.22"]
[Round "6"]
[White "Dongart, Dennis"]
[Black "Kragh, Niels Kristian"]
[Result "0-1"]
[WhiteElo "2138"]
[BlackElo "1966"]
[PlyCount "70"]
[EventDate "2000.07.17"]
[EventType "swiss"]
[EventRounds "11"]
[EventCountry "DEN"]
[SourceDate "2004.01.01"]

1. e4 c5 2. Nf3 d6 3. Bb5+ Nd7 4. d4 Ngf6 5. Nc3 a6 6. Bxd7+ Nxd7 7. e5 dxe5 8.
dxe5 e6 9. Ne4 Qc7 10. Bf4 Qc6 11. Qe2 b5 12. O-O-O Bb7 13. Nd6+ Bxd6 14. Rxd6
Qc7 15. Ng5 Nf8 16. Rhd1 Bd5 17. Kb1 Ng6 18. Bg3 Ne7 19. Ne4 Qa5 20. Nc3 Bc4
21. Qg4 O-O 22. a3 Nf5 23. Ne4 Nxd6 24. Nf6+ Kh8 25. Qh4 h6 26. exd6 Qa4 27.
Ng4 Be2 28. f3 Bxd1 29. b3 Qd4 30. Be5 Qd2 31. Nxh6 Bxc2+ 32. Ka2 Bh7+ 33. Bb2
Qc2 34. a4 Qb1+ 35. Ka3 b4+ 0-1

[Event "22. Copenhagen Open  (Politiken Cup)"]
[Site "Copenhagen"]
[Date "2000.07.22"]
[Round "6"]
[White "Einarson, Erland"]
[Black "Hamann, Steffen"]
[Result "0-1"]
[WhiteElo "1100"]
[BlackElo "1638"]
[PlyCount "78"]
[EventDate "2000.07.17"]
[EventType "swiss"]
[EventRounds "11"]
[EventCountry "DEN"]
[SourceDate "2004.01.01"]

1. d4 Nf6 2. e3 e6 3. Bd3 d5 4. f4 c5 5. c3 Nc6 6. Nf3 Be7 7. O-O O-O 8. Ne5
cxd4 9. cxd4 Nb4 10. g4 Nxd3 11. Qxd3 Ne4 12. g5 f6 13. g6 fxe5 14. gxh7+ Kxh7
15. Nc3 exd4 16. Nxe4 dxe4 17. Qxe4+ g6 18. Rf3 Rf5 19. Rh3+ Bh4 20. Bd2 Kg7
21. Kh1 Rb8 22. Rd1 b6 23. Kg1 Bf6 24. Qf3 Bb7 25. e4 Rc5 26. f5 exf5 27. Bh6+
Kf7 28. Qb3+ Ke7 29. Bf4 Qg8 30. Bxb8 Qxb3 31. axb3 Bxe4 32. Bxa7 Rb5 33. Rc1
d3 34. Rc7+ Ke6 35. Rc1 Rxb3 36. Kf1 Rxb2 37. Rd1 Bg2+ 38. Kg1 Bd4+ 39. Re3+
Bxe3# 0-1

[Event "22. Copenhagen Open  (Politiken Cup)"]
[Site "Copenhagen"]
[Date "2000.07.22"]
[Round "6"]
[White "El Kher, Henrik"]
[Black "Ward, Christopher"]
[Result "1/2-1/2"]
[WhiteElo "2374"]
[BlackElo "2508"]
[PlyCount "29"]
[EventDate "2000.07.17"]
[EventType "swiss"]
[EventRounds "11"]
[EventCountry "DEN"]
[SourceDate "2004.01.01"]

1. d4 Nf6 2. Bg5 e6 3. e4 h6 4. Bxf6 Qxf6 5. Nc3 Bb4 6. Nge2 Nc6 7. Qd3 e5 8.
O-O-O Qxf2 9. d5 Nb8 10. Ng3 O-O 11. Be2 Qf4+ 12. Kb1 d6 13. h4 Qf6 14. Rdf1
Qe7 15. Nf5 1/2-1/2

[Event "22. Copenhagen Open  (Politiken Cup)"]
[Site "Copenhagen"]
[Date "2000.07.22"]
[Round "6"]
[White "Ginsburg, Mark"]
[Black "Hillarp Persson, Tiger"]
[Result "0-1"]
[WhiteElo "2402"]
[BlackElo "2549"]
[PlyCount "64"]
[EventDate "2000.07.17"]
[EventType "swiss"]
[EventRounds "11"]
[EventCountry "DEN"]
[SourceDate "2004.01.01"]

1. d4 Nf6 2. Nf3 g6 3. Bg5 Bg7 4. Nbd2 d5 5. e3 c5 6. c3 Ne4 7. Nxe4 dxe4 8.
Nd2 cxd4 9. exd4 f5 10. f3 h6 11. Bf4 O-O 12. Bc4+ Kh7 13. fxe4 fxe4 14. O-O
Nc6 15. Nxe4 Qb6 16. Bd3 e5 17. Be3 Bf5 18. g4 exd4 19. cxd4 Be6 20. Nc5 Rxf1+
21. Qxf1 Nxd4 22. Bxg6+ Kh8 23. Rc1 Bxg4 24. Bd3 Rc8 25. Qf4 Ne2+ 26. Bxe2 Bxe2
27. Bd4 Qg6+ 28. Kf2 Bg4 29. Rc3 Rd8 30. Be5 Kh7 31. Ne4 Rd7 32. Ke3 Rf7 {time}
0-1

[Event "22. Copenhagen Open  (Politiken Cup)"]
[Site "Copenhagen"]
[Date "2000.07.22"]
[Round "6"]
[White "Gislason, Ingolfur"]
[Black "Rytter, Morten"]
[Result "0-1"]
[WhiteElo "1780"]
[BlackElo "1576"]
[PlyCount "67"]
[EventDate "2000.07.17"]
[EventType "swiss"]
[EventRounds "11"]
[EventCountry "DEN"]
[SourceDate "2004.01.01"]

1. d4 Nf6 2. c4 e6 3. Nc3 Bb4 4. f3 d5 5. a3 Bxc3+ 6. bxc3 dxc4 7. e4 c5 8.
Bxc4 cxd4 9. cxd4 Nc6 10. Ne2 O-O 11. O-O h6 12. Bb2 b6 13. d5 exd5 14. exd5
Na5 15. Ba2 Bb7 16. Nf4 Qd6 17. Qd4 Rac8 18. a4 Rfd8 19. Rac1 Ba6 20. Rfd1 Nb7
21. g4 Nc5 22. Nh5 Ncd7 23. Rc6 Qe7 24. d6 Qe2 25. Nxf6+ Nxf6 26. Rxc8 Rxc8 27.
Qd2 Qxf3 28. Bxf6 Qxg4+ 29. Kh1 Qe4+ 30. Qg2 Qxg2+ 31. Kxg2 gxf6 32. Bb3 Rd8
33. d7 Bb7+ 34. Kf2 {time} 0-1

[Event "22. Copenhagen Open  (Politiken Cup)"]
[Site "Copenhagen"]
[Date "2000.07.22"]
[Round "6"]
[White "Grand, Hans Henrik"]
[Black "Ronsted, Torben"]
[Result "1/2-1/2"]
[WhiteElo "2036"]
[BlackElo "2114"]
[PlyCount "57"]
[EventDate "2000.07.17"]
[EventType "swiss"]
[EventRounds "11"]
[EventCountry "DEN"]
[SourceDate "2004.01.01"]

1. e4 c6 2. Nc3 d5 3. Nf3 Bg4 4. h3 Bxf3 5. Qxf3 dxe4 6. Nxe4 Nd7 7. d4 Ngf6 8.
c3 Nxe4 9. Qxe4 Nf6 10. Qf3 e6 11. Bd3 Be7 12. O-O Qd5 13. Qxd5 $11 Nxd5 14.
Be3 g5 15. Rae1 h5 16. g3 O-O-O 17. Be4 Nxe3 18. fxe3 f5 19. Bc2 Bd6 20. Kg2 h4
21. gxh4 Rxh4 22. Bd1 Rg8 23. e4 g4 24. hxg4 Rh2+ 25. Kg1 fxe4 26. Rf2 Rgh8 27.
Rxh2 Rxh2 28. Bb3 c5 29. Rxe4 $11 1/2-1/2

[Event "22. Copenhagen Open  (Politiken Cup)"]
[Site "Copenhagen"]
[Date "2000.07.22"]
[Round "6"]
[White "Greisen, Flemming Dahl"]
[Black "Manley, Christian"]
[Result "0-1"]
[WhiteElo "1488"]
[BlackElo "1204"]
[PlyCount "68"]
[EventDate "2000.07.17"]
[EventType "swiss"]
[EventRounds "11"]
[EventCountry "DEN"]
[SourceDate "2004.01.01"]

1. b4 d5 2. Bb2 Bf5 3. Nf3 e6 4. e3 Nf6 5. a3 Bd6 6. Nd4 Bg6 7. Nc3 c6 8. Na4
Nbd7 9. Nb3 b6 10. d4 Qc7 11. Bd3 O-O 12. Nd2 Bh5 13. Be2 Bg6 14. Rc1 Ne4 15.
Nf3 f5 16. c4 Qb8 17. Nc3 Ndf6 18. Ne5 Bxe5 19. dxe5 Qxe5 20. Na4 Qb8 21. f4
Rd8 22. Be5 Qb7 23. Qb3 Kh8 24. Qb2 dxc4 25. Rxc4 Nd5 26. Qc1 Be8 27. Rg1 a5
28. g4 Nef6 29. gxf5 exf5 30. Rd4 axb4 31. Nc5 bxc5 32. Qxc5 Bg6 33. axb4 Ne4
34. Rc4 Nxc5 0-1

[Event "22. Copenhagen Open  (Politiken Cup)"]
[Site "Copenhagen"]
[Date "2000.07.22"]
[Round "6"]
[White "Grubert, Christian"]
[Black "Olsen, Miriam Frida"]
[Result "1-0"]
[WhiteElo "2060"]
[BlackElo "1437"]
[PlyCount "41"]
[EventDate "2000.07.17"]
[EventType "swiss"]
[EventRounds "11"]
[EventCountry "DEN"]
[SourceDate "2004.01.01"]

1. e4 a6 2. c3 b5 3. d4 Bb7 4. Bd3 Nf6 5. Qe2 e6 6. Bg5 Be7 7. f4 Nc6 8. Nf3 d6
9. Nbd2 Qd7 10. O-O O-O 11. Bxf6 Bxf6 12. e5 dxe5 13. fxe5 Be7 14. Qe4 g6 15.
Qg4 Rad8 16. Ne4 f5 17. exf6 Bxf6 18. Nc5 Qc8 19. Nxe6 Rf7 20. Bxg6 hxg6 21.
Qxg6+ 1-0

[Event "22. Copenhagen Open  (Politiken Cup)"]
[Site "Copenhagen"]
[Date "2000.07.22"]
[Round "6"]
[White "Hansen, Lars Bo"]
[Black "Gulko, Boris F"]
[Result "1/2-1/2"]
[WhiteElo "2562"]
[BlackElo "2643"]
[Annotator "Carsten Petersen"]
[PlyCount "86"]
[EventDate "2000.07.17"]
[EventType "swiss"]
[EventRounds "11"]
[EventCountry "DEN"]
[SourceDate "2004.01.01"]

1. d4 e6 2. c4 Nf6 3. Nc3 Bb4 4. e3 d5 5. Qa4+ Nc6 6. Nf3 O-O 7. Bd2 a6 8. Rd1
dxc4 9. Bxc4 Bd6 10. a3 Qe7 11. Qc2 e5 12. d5 Nb8 13. e4 Nbd7 14. Be2 Nh5 15.
g3 Nb6 16. a4 Bg4 17. h3 Bd7 18. Nh2 Nf6 19. Ng4 Nxg4 20. hxg4 Bb4 21. Kf1 Rac8
22. Kg2 f6 23. Be3 Rf7 24. Na2 Bd6 25. a5 Na4 26. Rc1 b6 27. b3 Nc5 28. Nb4
bxa5 29. Nc6 Bxc6 30. dxc6 Ne6 31. Bxa6 Ra8 32. Bc4 Rff8 33. Qd1 (33. f4 $1 {
[#] Vinder iflg. Lars Bo Hansen.}) 33... Kh8 34. Rh4 h6 35. Bd5 Ng5 36. Qc2
Rfb8 37. Ra1 Rb4 38. Rhh1 Qe8 39. Ra2 Ne6 40. Qd2 Bf8 41. Rha1 Nd4 42. Qd3 Rab8
43. Rb1 Nxc6 $11 1/2-1/2

[Event "22. Copenhagen Open  (Politiken Cup)"]
[Site "Copenhagen"]
[Date "2000.07.22"]
[Round "6"]
[White "Hau, Helge"]
[Black "Nedergaard, Klaus"]
[Result "1-0"]
[WhiteElo "1427"]
[BlackElo "1012"]
[PlyCount "26"]
[EventDate "2000.07.17"]
[EventType "swiss"]
[EventRounds "11"]
[EventCountry "DEN"]
[SourceDate "2004.01.01"]

1. f4 f5 2. Nf3 g6 3. e3 Bg7 4. c3 d5 5. Na3 Nf6 6. Bd3 O-O 7. O-O Be6 8. Nc2
Bf7 9. b3 c6 10. Rb1 e6 11. Ne5 Be8 12. Ba3 Nbd7 13. Bxf8 Bxf8 1-0

[Event "22. Copenhagen Open  (Politiken Cup)"]
[Site "Copenhagen"]
[Date "2000.07.22"]
[Round "6"]
[White "Haugsdal, Arn Tore"]
[Black "Hovmoller, Kristian"]
[Result "1/2-1/2"]
[WhiteElo "2007"]
[BlackElo "2170"]
[PlyCount "79"]
[EventDate "2000.07.17"]
[EventType "swiss"]
[EventRounds "11"]
[EventCountry "DEN"]
[SourceDate "2004.01.01"]

1. e4 c5 2. c3 d5 3. exd5 Qxd5 4. d4 Nf6 5. Nf3 Bg4 6. Be2 e6 7. h3 Bh5 8. O-O
Nc6 9. Na3 cxd4 10. Nb5 Rc8 11. c4 Qd7 12. Bf4 Bc5 13. a3 a6 14. b4 {[#]} axb5
15. cxb5 Bxf3 16. bxc6 Bxc6 17. bxc5 Qd5 18. Bf3 Qxc5 19. Rc1 Qxa3 20. Qxd4 O-O
21. Rc3 Qa6 22. Bh6 Rfd8 23. Qh4 Qa5 24. Qg3 Ne8 25. Rfc1 Qc7 26. Qg5 Qd6 27.
Be4 e5 28. Bxg7 Nxg7 29. Rg3 Qf8 30. Rc4 Rd4 31. Bf5 Bd7 32. Rxc8 Bxc8 33. Bxc8
Rb4 34. Bf5 Rf4 35. Qf6 Kh8 36. Rxg7 Qxg7 37. Qd8+ Qg8 38. Qf6+ Qg7 39. Qd8+
Qg8 40. Qf6+ 1/2-1/2

[Event "22. Copenhagen Open  (Politiken Cup)"]
[Site "Copenhagen"]
[Date "2000.07.22"]
[Round "6"]
[White "Helin, Mikael"]
[Black "Zyde, Fadmal"]
[Result "1-0"]
[WhiteElo "2066"]
[BlackElo "1619"]
[PlyCount "57"]
[EventDate "2000.07.17"]
[EventType "swiss"]
[EventRounds "11"]
[EventCountry "DEN"]
[SourceDate "2004.01.01"]

1. e4 e5 2. Nc3 Nf6 3. Bc4 Nc6 4. d3 Na5 5. Bb5 Bb4 6. Bd2 a6 7. Ba4 b5 8. a3
Bxc3 9. Bxc3 Nc6 10. Bb3 d5 11. exd5 Nxd5 12. Qf3 Be6 13. Bd2 Nd4 14. Qg3 Qf6
15. Bxd5 Bxd5 16. O-O-O Nf5 17. Qg4 h5 18. Qb4 Bxg2 19. Ne2 Bxh1 20. Rxh1 Nd6
21. f4 O-O 22. Rg1 exf4 23. Bc3 c5 24. Qxc5 Rac8 25. Bxf6 Rxc5 26. Rxg7+ Kh8
27. Rg5+ Kh7 28. Rxc5 f3 29. Nf4 1-0

[Event "22. Copenhagen Open  (Politiken Cup)"]
[Site "Copenhagen"]
[Date "2000.07.22"]
[Round "6"]
[White "Hoff, Terje"]
[Black "Brondum, Eric"]
[Result "1/2-1/2"]
[WhiteElo "2051"]
[BlackElo "2230"]
[PlyCount "20"]
[EventDate "2000.07.17"]
[EventType "swiss"]
[EventRounds "11"]
[EventCountry "DEN"]
[SourceDate "2004.01.01"]

1. Nf3 Nf6 2. g3 d6 3. Bg2 g6 4. O-O Bg7 5. d3 e5 6. e4 O-O 7. Nbd2 Nc6 8. c3
Bd7 9. Qe1 Qc8 10. Kh1 Bh3 1/2-1/2

[Event "22. Copenhagen Open  (Politiken Cup)"]
[Site "Copenhagen"]
[Date "2000.07.22"]
[Round "6"]
[White "Howe, Dennis"]
[Black "Palo, Davor"]
[Result "0-1"]
[WhiteElo "2015"]
[BlackElo "2213"]
[PlyCount "88"]
[EventDate "2000.07.17"]
[EventType "swiss"]
[EventRounds "11"]
[EventCountry "DEN"]
[SourceDate "2004.01.01"]

1. e4 c5 2. Nc3 Nc6 3. f4 g6 4. Nf3 Bg7 5. d3 e6 6. g3 Nge7 7. Bg2 O-O 8. O-O
d6 9. Be3 b6 10. Qd2 Bb7 11. d4 cxd4 12. Nxd4 Na5 13. b3 d5 14. exd5 Nxd5 15.
Nxd5 Bxd5 16. Rad1 Bxg2 17. Qxg2 Qe7 18. c4 Rac8 19. Rd2 Rfd8 20. Rfd1 e5 21.
fxe5 Qxe5 22. Bf2 Bh6 23. Rd3 Bf8 24. Re1 Qf6 25. Qf3 Qxf3 26. Rxf3 Nc6 27.
Nxc6 Rxc6 28. Rfe3 Rcc8 29. Re5 f6 30. Re6 Kf7 31. Kg2 Rd7 32. Kf3 Bb4 33. R1e2
h5 34. Be1 Bc5 35. Bc3 Rd3+ 36. R2e3 Rxe3+ 37. Rxe3 Bxe3 38. Kxe3 Ke6 39. Bd4
g5 40. a3 Kf5 41. h3 Re8+ 42. Kd2 g4 43. h4 Ke4 44. Bxf6 Kf3 0-1

[Event "22. Copenhagen Open  (Politiken Cup)"]
[Site "Copenhagen"]
[Date "2000.07.22"]
[Round "6"]
[White "Jacobsen, Jesper Howalt"]
[Black "Pedersen, Kaj Vinding"]
[Result "1/2-1/2"]
[WhiteElo "1289"]
[BlackElo "1619"]
[PlyCount "73"]
[EventDate "2000.07.17"]
[EventType "swiss"]
[EventRounds "11"]
[EventCountry "DEN"]
[SourceDate "2004.01.01"]

1. d4 Nf6 2. c4 e5 3. d5 Bb4+ 4. Bd2 Qe7 5. e3 Ne4 6. a3 Bxd2+ 7. Nxd2 Nxd2 8.
Qxd2 d6 9. Nf3 O-O 10. Be2 a5 11. O-O Bf5 12. b4 b6 13. b5 Nd7 14. Ne1 Rae8 15.
f3 Nc5 16. Bd1 h6 17. Bc2 Bxc2 18. Qxc2 e4 19. f4 f5 20. Qf2 Qf6 21. Ra2 Qc3
22. Qe2 Nd3 23. Qc2 Qxc2 24. Nxc2 g5 25. g3 Rf7 26. Nd4 gxf4 27. gxf4 Rg7+ 28.
Kh1 Rf7 29. Ne6 Nc5 30. Rg2+ Kh7 31. Nxc5 dxc5 32. Rfg1 Rd8 33. a4 Rdd7 34. h4
Rg7 35. Rxg7+ Rxg7 36. Rxg7+ Kxg7 37. h5 1/2-1/2

[Event "22. Copenhagen Open  (Politiken Cup)"]
[Site "Copenhagen"]
[Date "2000.07.22"]
[Round "6"]
[White "Jensen, Dan Bronnum"]
[Black "Bogdanov, Max"]
[Result "1/2-1/2"]
[WhiteElo "1438"]
[BlackElo "1067"]
[PlyCount "100"]
[EventDate "2000.07.17"]
[EventType "swiss"]
[EventRounds "11"]
[EventCountry "DEN"]
[SourceDate "2004.01.01"]

1. e4 c6 2. d4 d5 3. Nc3 dxe4 4. Nxe4 Bf5 5. Ng3 Bg6 6. Nf3 Nf6 7. Bc4 Nbd7 8.
O-O e6 9. Bg5 Be7 10. Re1 h6 11. Bf4 Nb6 12. Bb3 Nbd5 13. Be5 O-O 14. h3 Rc8
15. a3 a5 16. c4 Nc7 17. Qd2 b6 18. Rac1 c5 19. Qf4 Na6 20. Red1 cxd4 21. Rxd4
Qe8 22. Rcd1 Bc5 23. R4d2 Be7 24. Bd4 Nc5 25. Bxc5 Bxc5 26. Ne5 Bh7 27. Nd7
Nxd7 28. Rxd7 Rb8 29. Qd2 Bg6 30. Bc2 Bxc2 31. Qxc2 Qc8 32. Qc3 Rb7 33. Nh5 f6
34. Rxb7 Qxb7 35. b4 axb4 36. axb4 Be7 37. c5 bxc5 38. bxc5 Qc6 39. Rc1 Rc8 40.
Qg3 g5 41. Qc3 Kf7 42. Qc2 f5 43. Qc3 Rg8 44. Qc2 Rc8 45. Qc3 Rg8 46. g4 f4 47.
Qc2 Rh8 48. Qc3 Rg8 49. Qb4 Rc8 50. Qc3 Rg8 1/2-1/2

[Event "22. Copenhagen Open  (Politiken Cup)"]
[Site "Copenhagen"]
[Date "2000.07.22"]
[Round "6"]
[White "Jensen, Michael Bremerskov"]
[Black "Maechel, Michael"]
[Result "0-1"]
[WhiteElo "1358"]
[BlackElo "1611"]
[PlyCount "68"]
[EventDate "2000.07.17"]
[EventType "swiss"]
[EventRounds "11"]
[EventCountry "DEN"]
[SourceDate "2004.01.01"]

1. d4 Nf6 2. c4 e5 3. dxe5 Ng4 4. Nf3 Nc6 5. Nc3 Bb4 6. Qb3 Qe7 7. a3 Bxc3+ 8.
Qxc3 Ngxe5 9. Bf4 d6 10. Nxe5 dxe5 11. Bg3 O-O 12. e3 Bf5 13. Be2 Rad8 14. O-O
f6 15. b4 h6 16. f3 Rd7 17. e4 Bg6 18. Bf2 Rfd8 19. Rfd1 Bf7 20. Rxd7 Rxd7 21.
Bd1 Qd8 22. Ba4 Nd4 23. Kf1 c6 24. Rd1 b5 25. cxb5 cxb5 26. Bxb5 Nxb5 27. Rxd7
Qxd7 28. Qe3 Bc4+ 29. Ke1 Nd4 30. Qc3 Bb5 31. f4 Qg4 32. Qb2 Qxf4 33. Bxd4
Qxe4+ 34. Kd2 Qxg2+ 0-1

[Event "22. Copenhagen Open  (Politiken Cup)"]
[Site "Copenhagen"]
[Date "2000.07.22"]
[Round "6"]
[White "Jorgensen, Brian"]
[Black "Paaske, Asger"]
[Result "0-1"]
[WhiteElo "2227"]
[BlackElo "2038"]
[Annotator "Asger Paaske"]
[PlyCount "64"]
[EventDate "2000.07.17"]
[EventType "swiss"]
[EventRounds "11"]
[EventCountry "DEN"]
[SourceDate "2004.01.01"]

1. d4 Nf6 2. Nf3 g6 3. c4 Bg7 4. Nc3 d5 5. Bg5 Ne4 6. cxd5 Nxg5 7. Nxg5 e6 8.
Qd2 h6 9. Nf3 ({Clearly better is} 9. Nh3 exd5 10. Qe3+) 9... exd5 {[#]} 10.
Qe3+ $2 {Almost the loosing move. The queen is really bad posted here, when
black has:} Be6 11. Ne5 c5 $1 {Wakening up the bishops!} 12. O-O-O cxd4 13.
Rxd4 O-O 14. Rd1 Nc6 15. Nxc6 ({After} 15. Nxg6 Re8 16. Nf4 d4 17. Qg3 {
The idea was to sacrifice the queen} dxc3 18. Rxd8 cxb2+ 19. Kb1 Raxd8 {
which is clearly winning}) 15... bxc6 16. Qc5 {Trying to block the pawns.} Qf6
(16... Qb6 17. Qxb6 axb6 {was a strong alternative, but I decided to try and
win with a king attack.}) 17. f3 (17. e3 Qxf2 {is really a poor alternative.})
17... d4 18. Ne4 Qf4+ 19. Kb1 {Protects the pawn at a2.} Rab8 20. Rd3 {Tries
to block the pawn from advancing.} Rb5 21. Qc2 {Both pawns are poisoned.} Rfb8
22. b3 a5 $1 {with a chrusing attack.} 23. g3 Qe5 24. Bg2 a4 25. Nd2 {Panic!}
Qxe2 26. Rg1 axb3 27. axb3 c5 28. Kc1 {[#]} c4 $1 29. bxc4 (29. Nxc4 Qxc2+ 30.
Kxc2 Bxc4 31. bxc4 Rb2+ 32. Kd1 Rb1+ {winning the rook.}) 29... Rb2 $1 30. Qxb2
Rxb2 31. Bf1 Qf2 32. Rg2 Rxd2 0-1

[Event "22. Copenhagen Open  (Politiken Cup)"]
[Site "Copenhagen"]
[Date "2000.07.22"]
[Round "6"]
[White "Jorgensen, Morten S"]
[Black "Schonberg, Pauli"]
[Result "1-0"]
[WhiteElo "1223"]
[BlackElo "1504"]
[PlyCount "115"]
[EventDate "2000.07.17"]
[EventType "swiss"]
[EventRounds "11"]
[EventCountry "DEN"]
[SourceDate "2004.01.01"]

1. e4 b6 2. Bc4 Bb7 3. d3 e6 4. Nf3 Be7 5. Nc3 Nc6 6. Be3 Bf6 7. Qd2 Nge7 8.
Bb3 d5 9. exd5 exd5 10. d4 Na5 11. O-O Nxb3 12. axb3 O-O 13. Ne2 Ng6 14. Ng3
Bc8 15. h3 Qd6 16. b4 Bh4 17. Nxh4 Nxh4 18. Bf4 Qg6 19. Bg5 Nf5 20. Nxf5 Bxf5
21. Kh2 Bxc2 22. Rac1 Bf5 23. Rxc7 Rfc8 24. Rfc1 Re8 25. R1c6 Qh5 26. Qf4 Be6
27. g4 Qg6 28. Rc3 f6 29. Bh4 Rf8 30. Ra3 Rf7 31. Re3 f5 32. Rxf7 Qxf7 33. gxf5
Bxf5 34. Re7 Qf8 35. Qe5 Be4 36. Qe6+ Kh8 37. Rf7 Qg8 38. Qd7 h6 39. Bg3 Rf8
40. Re7 Rf6 41. Kg1 Bf5 42. Qc7 Bxh3 43. Kh2 Be6 44. Qxa7 Qf8 45. Kg1 Rg6 46.
Rb7 Qxb4 47. Rb8+ Kh7 48. Qa8 Qe1+ 49. Kh2 Rxg3 50. Rh8+ Kg6 51. Qe8+ Kg5 52.
Qe7+ Kh5 53. Kxg3 Qg1+ 54. Kf4 Qxf2+ 55. Ke5 Qf5+ 56. Kd6 Bc8 57. Qe8+ Kh4 58.
Qxc8 1-0

[Event "22. Copenhagen Open  (Politiken Cup)"]
[Site "Copenhagen"]
[Date "2000.07.22"]
[Round "6"]
[White "Karlstrom, Henrik"]
[Black "Auchenberg, Einar"]
[Result "1/2-1/2"]
[WhiteElo "1296"]
[BlackElo "1692"]
[PlyCount "134"]
[EventDate "2000.07.17"]
[EventType "swiss"]
[EventRounds "11"]
[EventCountry "DEN"]
[SourceDate "2004.01.01"]

1. e4 Nc6 2. d4 e5 3. d5 Nce7 4. c4 d6 5. Bd3 f5 6. f3 f4 7. Ne2 g5 8. b4 a6 9.
Nbc3 Bd7 10. Bb2 Nf6 11. a4 h5 12. a5 Ng6 13. Bc2 g4 14. Ba4 gxf3 15. gxf3 Nh4
16. Bxd7+ Nxd7 17. Qd3 Ng2+ 18. Kd2 Qh4 19. Rag1 Qh3 20. Nd1 Nh4 21. Rf1 Rg8
22. Rf2 Nf6 23. Ng1 Qd7 24. Nc3 Rg2 25. Qe2 Qg7 26. Rxg2 Qxg2 27. Qxg2 Nxg2 28.
Nh3 Ne3 29. Kd3 c6 30. Rg1 cxd5 31. cxd5 Rc8 32. Rg6 Kf7 33. Rg1 Bh6 34. Bc1 h4
35. Bxe3 fxe3 36. Ng5+ Ke7 37. Ne6 Nh5 38. Na4 Nf4+ 39. Nxf4 Bxf4 40. Nb6 Rh8
41. h3 $11 Kf7 42. Nc4 Rh6 43. Nxe3 Bxe3 44. Kxe3 Rh8 45. Rg4 b6 46. axb6 Rb8
47. Rxh4 Rxb6 48. Rh7+ Kg6 49. Ra7 Kg5 50. Kf2 Rxb4 $11 51. Rxa6 Kf4 52. Rxd6
Rb2+ 53. Ke1 Kxf3 54. Re6 Kxe4 55. d6 Rb1+ 56. Kd2 Rb8 57. d7 Rd8 58. Rd6 Kf5
59. Ke3 e4 60. h4 Ke5 61. Rd4 Ke6 62. Kxe4 Rxd7 63. Rxd7 Kxd7 64. Kf5 Ke8 65.
Kg6 Kf8 66. Kh7 Kf7 67. h5 Kf8 1/2-1/2

[Event "22. Copenhagen Open  (Politiken Cup)"]
[Site "Copenhagen"]
[Date "2000.07.22"]
[Round "6"]
[White "Keeling, Geoff"]
[Black "Rasmussen, Uffe"]
[Result "1/2-1/2"]
[WhiteElo "2073"]
[BlackElo "1884"]
[PlyCount "41"]
[EventDate "2000.07.17"]
[EventType "swiss"]
[EventRounds "11"]
[EventCountry "DEN"]
[SourceDate "2004.01.01"]

1. e4 c5 2. Nc3 Nc6 3. g3 g6 4. Bg2 Bg7 5. d3 d6 6. f4 e6 7. Nf3 Nge7 8. O-O
O-O 9. Be3 Nd4 10. Qd2 Rb8 11. Nd1 Nxf3+ 12. Bxf3 b6 13. c3 d5 14. e5 d4 15.
Bf2 dxc3 16. Nxc3 Nf5 17. Rfd1 Nd4 18. Bxd4 Qxd4+ 19. Qf2 Qxf2+ 20. Kxf2 f6 21.
exf6 1/2-1/2

[Event "22. Copenhagen Open  (Politiken Cup)"]
[Site "Copenhagen"]
[Date "2000.07.22"]
[Round "6"]
[White "Keeling, Karen"]
[Black "Nielsen, Jens Holm"]
[Result "1-0"]
[WhiteElo "1680"]
[BlackElo "2060"]
[PlyCount "83"]
[EventDate "2000.07.17"]
[EventType "swiss"]
[EventRounds "11"]
[EventCountry "DEN"]
[SourceDate "2004.01.01"]

1. c4 b6 2. Nc3 e6 3. e4 Bb7 4. g3 f5 5. Bg2 Bb4 6. Nge2 Nf6 7. d3 fxe4 8. O-O
O-O 9. dxe4 Be7 10. h3 Na6 11. Be3 Nc5 12. Qc2 e5 13. Rad1 Ne6 14. f4 exf4 15.
gxf4 Bc5 16. Qd2 Qe8 17. Ng3 d6 18. Kh2 Bxe3 19. Qxe3 Nc5 20. b4 Ncd7 21. Qd4
Qf7 22. Nd5 Ne8 23. e5 Kh8 24. Rde1 c5 25. Qb2 dxe5 26. fxe5 Qe6 27. Rxf8+ Nxf8
28. b5 Rd8 29. Qc3 Rd7 30. Nf4 Qh6 31. e6 Rd4 32. e7 Ng6 33. Nxg6+ Qxg6 34.
Bxb7 Rd3 35. Qxd3 Qxd3 36. Rf1 Qd2+ 37. Kh1 g6 38. Rf8+ Kg7 39. Rxe8 Qe1+ 40.
Kh2 Qd2+ 41. Bg2 Qd6 42. Rg8+ 1-0

[Event "22. Copenhagen Open  (Politiken Cup)"]
[Site "Copenhagen"]
[Date "2000.07.22"]
[Round "6"]
[White "Kristensen, Jonas Rune"]
[Black "Nielsen, Morten"]
[Result "0-1"]
[WhiteElo "1696"]
[BlackElo "2094"]
[PlyCount "84"]
[EventDate "2000.07.17"]
[EventType "swiss"]
[EventRounds "11"]
[EventCountry "DEN"]
[SourceDate "2004.01.01"]

1. d4 Nf6 2. c4 c5 3. d5 b5 4. cxb5 a6 5. bxa6 g6 6. Nc3 Bg7 7. e4 d6 8. h3 O-O
9. Nf3 Qa5 10. Nd2 Bxa6 11. Bxa6 Qxa6 12. Qe2 Rc8 13. Qxa6 Nxa6 14. Nc4 Nd7 15.
Bg5 Kf8 16. Kd2 Rcb8 17. a3 Ne5 18. Nxe5 Rxb2+ 19. Kc1 Rxf2 20. Nc6 Bxc3 21.
Bxe7+ Ke8 22. Rb1 Kd7 23. Bh4 Ra2 24. Rf1 Ke8 25. Rf3 Bd2+ 26. Kd1 f5 27. exf5
g5 28. Bg3 Nc7 29. f6 Bf4 30. Bxf4 gxf4 31. Rxf4 Nxd5 32. f7+ Kf8 33. Rb3 Nxf4
34. Rf3 Ne6 35. g4 R2xa3 36. Rxa3 Rxa3 37. h4 Rh3 38. h5 Rh4 39. Na7 Rxg4 40.
Ke2 Rh4 41. Nc8 Kxf7 42. Nxd6+ Kf8 0-1

[Event "22. Copenhagen Open  (Politiken Cup)"]
[Site "Copenhagen"]
[Date "2000.07.22"]
[Round "6"]
[White "Laursen, Niels Norskov"]
[Black "Rasmussen, Casper Dahl"]
[Result "0-1"]
[WhiteElo "2079"]
[BlackElo "2281"]
[PlyCount "56"]
[EventDate "2000.07.17"]
[EventType "swiss"]
[EventRounds "11"]
[EventCountry "DEN"]
[SourceDate "2004.01.01"]

1. e4 c5 2. Nc3 e6 3. Nge2 a6 4. d4 cxd4 5. Nxd4 Qc7 6. g3 Bb4 7. Nde2 Be7 8.
Bg2 Nf6 9. O-O O-O 10. b3 Nc6 11. Bb2 Rd8 12. h3 d6 13. Kh1 b5 14. f4 Bb7 15.
g4 d5 16. exd5 Nb4 17. Nd4 Nbxd5 18. Nxd5 Bxd5 19. Bxd5 Rxd5 20. Qf3 Rad8 21.
Rad1 Qd7 22. g5 Ne8 23. c4 bxc4 24. bxc4 Rd6 25. c5 Rd5 26. f5 exf5 27. c6 Qc8
28. Nxf5 Qxf5 0-1